LEADER 00748naa a2200145 i 4500 001 000000304320 003 CaOOAMICUS 005 20180831172817.0 008 180831n it u000 u ita u 013 $a12138 040 $aSeMil$bita 100 1 $aNatorp, Paul.$0(OLS)http://semarc/name/45971 245 10$aSulla dottrina platonica delle Idee :$bdiscorso tenuto l'8 dicembre 1913 nella Sezione berlinese della "Kantgesellschaft". 773 0 $aNatorp, Paul$tLogos-Psyche-Eros.$dMilano : Vita e Pensiero, 1999.$kTemi metafisici e problemi del pensiero antico$z88-343-0149-8$gp.[77]-116$w()109620 996 $6245$aSulla dottrina platonica delle Idee :$bdiscorso tenuto l'8 dicembre 1913 nella Sezione berlinese della "Kantgesellschaft"$9(OLS)http://semarc/title/380205 LEADER 00977nam a2200205 i 4500 001 000000232738 003 CaOOAMICUS 005 20140904000000.0 008 140904s1924 it u000 u fre u 013 $a211641 040 $aSeMil$bita 100 1 $aCuendet, Georges.$0(OLS)http://semarc/name/14036 245 12$aL'impératif dans le texte grec et dans les versions gotique, arménienne et vieux slave des Evangiles /$cGeorges Cuendet. 260 $aParis :$bLibrairie orientaliste P. Geuthner,$c1924. 300 $a165 p. ;$c24 cm. 650 4$aBibbia - NT - Lingua greca - Grammatica.$0(OLS)http://semarc/subject/4321 850 $aSeMil 852 $aSeMil$W1$xVenegono$y1$m2Z V 71$j183084$B183084$CSeMilBibl$Z2$F194058 $81 996 $6245$aL'impératif dans le texte grec et dans les versions gotique, arménienne et vieux slave des Evangiles$9(OLS)http://semarc/title/332062 996 $6260$aParis :$bLibrairie orientaliste P. Geuthner$9(OLS)http://semarc/publisher/32167